000
00331nam a22001457a 4500
008
230605b ||||| |||| 00| 0 eng d
020
_a
9780321979421
041
_a
eng
080
_2
ELENENTH EDITION
_a
51
082
_a
51LIA
100
_a
23
101
_a
MATE
245
_a
CALCULUS WHITH APPLICATIONS
_c
LIAL
942
_2
udc
_c
BK
999
_c
59914
_d
59914